Works contractor collateral warranty for a funder 2016. (Record no. 121420)

MARC details
000 -LEADER
fixed length control field 00960nam a2200277 i 4500
005 - DATE AND TIME OF LATEST TRANSACTION
control field 20230403152007.0
008 - FIXED-LENGTH DATA ELEMENTS--GENERAL INFORMATION
fixed length control field 230403s2017 enkk 000 0 eng d
020 ## - INTERNATIONAL STANDARD BOOK NUMBER
ISBN 9780414058286
Qualifying information paperback
020 ## - INTERNATIONAL STANDARD BOOK NUMBER
ISBN 0414058283
Qualifying information paperback
041 ## - LANGUAGE CODE
Language code of text/sound track or separate title eng
082 04 - DEWEY DECIMAL CLASSIFICATION NUMBER
Classification number 343.41078624
245 00 - TITLE STATEMENT
Title Works contractor collateral warranty for a funder 2016.
Subtitle WCWa/F 2016
264 #1 - PRODUCTION, PUBLICATION, DISTRIBUTION, MANUFACTURE, AND COPYRIGHT NOTICE
Place of production, publication, distribution, manufacture London :
Name of producer, publisher, distributor, manufacturer Thomson Reuters (Professional) UK Limited, trading as Sweet & Maxwell,
Date of production, publication, distribution, manufacture, or copyright notice June 2017.
300 ## - PHYSICAL DESCRIPTION
Physical description ii, 15 pages :
Other physical details forms ;
Dimensions 30 cm
490 ## - SERIES TITLE
Series statement JCT Contracts 2016
610 20 - SUBJECT ADDED ENTRY--CORPORATE NAME
Corporate name or jurisdiction name as entry element Joint Contracts Tribunal.
650 #0 - KEYWORDS
Keywords Construction contracts
Geographic subdivision Great Britain.
650 #0 - KEYWORDS
Keywords Buildings
General subdivision Contracts and specifications
Geographic subdivision Great Britain.
651 ## - SUBJECT ADDED ENTRY--GEOGRAPHIC NAME
Geographic name United Kingdom
710 2# - ADDED CORPORATE NAME
Added corporate author Joint Contracts Tribunal,
Relator term author.
942 ## - ADDED ENTRY ELEMENTS (KOHA)
Suppress in OPAC Do not suppress in OPAC
336 ## - CONTENT TYPE
Content type term text
Source rdacontent
337 ## - MEDIA TYPE
Media type term unmediated
Source rdamedia
338 ## - CARRIER TYPE
Carrier type term volume
Source rdacarrier
Holdings
Lost status Damaged status Not for loan Home library Current library Shelving location Date acquired Total Checkouts Full call number Date last seen Price effective from Koha item type
      London London Boxed set 03/04/2023   JCT CONTRACTS 03/04/2023 03/04/2023 Book